Včielka Maja (Record no. 21355)
[ view plain ]
| 000 -LEADER | |
|---|---|
| fixed length control field | 01495nam a2200469 i 4500 |
| 001 - CONTROL NUMBER | |
| control field | 21355 |
| 003 - CONTROL NUMBER IDENTIFIER | |
| control field | CZ PrNK |
| 005 - DATE AND TIME OF LATEST TRANSACTION | |
| control field | 20260227151424.0 |
| 007 - PHYSICAL DESCRIPTION FIXED FIELD--GENERAL INFORMATION | |
| fixed length control field | ta |
| 008 - FIXED-LENGTH DATA ELEMENTS--GENERAL INFORMATION | |
| fixed length control field | 150721s2015 xr a a 000 1 slo |
| 015 ## - NATIONAL BIBLIOGRAPHY NUMBER | |
| National bibliography number | cnb002720826 |
| 020 ## - INTERNATIONAL STANDARD BOOK NUMBER | |
| International Standard Book Number | 9788025233634 |
| Qualifying information | (vázáno) |
| 035 ## - SYSTEM CONTROL NUMBER | |
| System control number | (OCoLC)920663488 |
| 040 ## - CATALOGING SOURCE | |
| Original cataloging agency | OLA001 |
| Language of cataloging | cze |
| Modifying agency | ABA001 |
| Description conventions | rda |
| 072 #7 - SUBJECT CATEGORY CODE | |
| Subject category code | 821-93 |
| Subject category code subdivision | Literatura pro děti a mládež (beletrie) |
| Source | Konspekt |
| 080 ## - UNIVERSAL DECIMAL CLASSIFICATION NUMBER | |
| Universal Decimal Classification number | 821-93 |
| Edition identifier | MRF |
| 080 ## - UNIVERSAL DECIMAL CLASSIFICATION NUMBER | |
| Universal Decimal Classification number | (076.1) |
| Edition identifier | MRF |
| 245 00 - TITLE STATEMENT | |
| Title | Včielka Maja |
| 246 3# - VARYING FORM OF TITLE | |
| Title proper/short title | Včielka Maja - knižka na celý rok |
| 246 18 - VARYING FORM OF TITLE | |
| Title proper/short title | Knižka na celý rok |
| 250 ## - EDITION STATEMENT | |
| Edition statement | Prvé vydanie |
| 264 #1 - PRODUCTION, PUBLICATION, DISTRIBUTION, MANUFACTURE, AND COPYRIGHT NOTICE | |
| Place of production, publication, distribution, manufacture | Praha : |
| Name of producer, publisher, distributor, manufacturer | Egmont Publishing, |
| Date of production, publication, distribution, manufacture, or copyright notice | [2015] |
| 300 ## - PHYSICAL DESCRIPTION | |
| Extent | 63 stran : |
| Other physical details | ilustrace (převážně barevné) ; |
| Dimensions | 30 cm |
| 336 ## - CONTENT TYPE | |
| Content type term | text |
| Content type code | txt |
| Source | rdacontent |
| 336 ## - CONTENT TYPE | |
| Content type term | statický obraz |
| Content type code | sti |
| Source | rdacontent |
| 337 ## - MEDIA TYPE | |
| Media type term | bez média |
| Media type code | n |
| Source | rdamedia |
| 338 ## - CARRIER TYPE | |
| Carrier type term | svazek |
| Carrier type code | nc |
| Source | rdacarrier |
| 490 1# - SERIES STATEMENT | |
| Series statement | Včielka Maja |
| 500 ## - GENERAL NOTE | |
| General note | Na základě knížek Waldemara Bonselse Včielka Maja |
| 500 ## - GENERAL NOTE | |
| General note | Na obálce pod názvem: Studio 100 |
| 521 8# - TARGET AUDIENCE NOTE | |
| Target audience note | Nevhodné pro děti do 3 let |
| 655 #7 - INDEX TERM--GENRE/FORM | |
| Genre/form data or focus term | pracovní sešity |
| Source of term | czenas |
| 655 #7 - INDEX TERM--GENRE/FORM | |
| Genre/form data or focus term | publikace pro děti |
| Source of term | czenas |
| 655 #9 - INDEX TERM--GENRE/FORM | |
| Genre/form data or focus term | activity books |
| Source of term | eczenas |
| 655 #9 - INDEX TERM--GENRE/FORM | |
| Genre/form data or focus term | children's literature |
| Source of term | eczenas |
| 700 1# - ADDED ENTRY--PERSONAL NAME | |
| Personal name | Bonsels, Waldemar, |
| Dates associated with a name | 1880-1952 |
| Relationship | ant |
| 710 2# - ADDED ENTRY--CORPORATE NAME | |
| Corporate name or jurisdiction name as entry element | Studio 100 |
| Relationship | oth |
| 830 #0 - SERIES ADDED ENTRY--UNIFORM TITLE | |
| Uniform title | Včielka Maja |
| 901 ## - LOCAL DATA ELEMENT A, LDA (RLIN) | |
| b | 9788025233634 |
| f | 1. vydanie |
| o | 20150807 |
| 910 ## - USER-OPTION DATA (OCLC) | |
| User-option data | ABA001 |
| 942 ## - ADDED ENTRY ELEMENTS (KOHA) | |
| Source of classification or shelving scheme | Dewey Decimal Classification |
| Koha item type | Krásna literatúra pre deti |
| Suppress in OPAC | No |
No items available.
